[Event "I Festival Riviera dei Cedri A"]
[Site "Scalea ITA"]
[Date "2006.09.17"]
[Round "7"]
[White "Forlano, Luigi"]
[Black "Bottino, Alexiei"]
[Result "1/2-1/2"]
[WhiteElo "2000"]
[BlackElo "2048"]
[PlyCount "55"]
[EventDate "2006.09.14"]

1.Nf3 d5 2.c4 e6 3.g3 c6 4.b3 Nf6 5.Bg2 Bd6 6.Bb2 Nbd7 7.O-O O-O 8.d3 b6 
9.Nbd2 Bb7 10.e4 dxe4 11.dxe4 e5 12.Qe2 Re8 13.Rad1 Qc7 14.Nh4 g6 15.Ndf3 
Nc5 16.Ng5 h6 17.Nh3 Bc8 18.f3 Ne6 19.f4 Nd4 20.Bxd4 Bg4 21.Nf3 exd4 22.e5
Bc5 23.Rd3 Bf5 24.Nf2 Bxd3 25.Qxd3 Nh7 26.Nh4 h5 27.Nxg6 fxg6 28.Qxg6+ 
1/2-1/2

[Event "I Festival Riviera dei Cedri A"]
[Site "Scalea ITA"]
[Date "2006.09.17"]
[Round "7"]
[White "Okhotnik, Vladimir"]
[Black "Maccario, Mauro"]
[Result "1-0"]
[WhiteElo "2485"]
[BlackElo "2165"]
[PlyCount "41"]
[EventDate "2006.09.14"]

1.e4 d5 2.exd5 Qxd5 3.Nc3 Qd6 4.d4 Nf6 5.Nge2 Bg4 6.h3 Bxe2 7.Bxe2 c6 8.
Bg5 Nbd7 9.Qd2 e6 10.Bf4 Qe7 11.O-O Qd8 12.a3 Be7 13.b4 O-O 14.Na4 a5 15.
c4 Nb6 16.Nc5 axb4 17.axb4 Qc8 18.Qb2 Rxa1 19.Rxa1 Rd8 20.Ra7 Nfd7 21.Nxb7
1-0

[Event "I Festival Riviera dei Cedri A"]
[Site "Scalea ITA"]
[Date "2006.09.17"]
[Round "7"]
[White "Stromboli, Carlo"]
[Black "Falcomata', Gesualdo"]
[Result "0-1"]
[WhiteElo "2196"]
[BlackElo "1951"]
[PlyCount "52"]
[EventDate "2006.09.14"]

1.e4 e5 2.Nf3 Nc6 3.Bb5 a6 4.Bxc6 dxc6 5.O-O Ne7 6.c3 Bg4 7.h3 Bxf3 8.Qxf3
Ng6 9.Qe3 Bd6 10.d4 Qe7 11.Nd2 O-O 12.Re1 Rae8 13.Nf1 c5 14.dxc5 Bxc5 15.
Qf3 f5 16.Be3 Nh4 17.Qe2 Bxe3 18.Qxe3 f4 19.Qe2 Kh8 20.f3 Rf6 21.Qf2 Rg6 
22.g4 fxg3 23.Nxg3 Qg5 24.Kh2 Qf4 25.Re3 Rd8 26.Rf1 Rxg3 0-1

[Event "I Festival Riviera dei Cedri A"]
[Site "Scalea ITA"]
[Date "2006.09.17"]
[Round "7"]
[White "Stromboli, Ettore"]
[Black "Stojanovic, Mihajlo"]
[Result "0-1"]
[WhiteElo "2224"]
[BlackElo "2547"]
[PlyCount "108"]
[EventDate "2006.09.14"]

1.e4 c5 2.Nf3 g6 3.d4 Bg7 4.Be2 cxd4 5.Nxd4 Nc6 6.Be3 Nf6 7.Nc3 O-O 8.O-O 
d6 9.f3 Bd7 10.Nd5 Ne8 11.c4 e6 12.Nc3 Qb6 13.Ncb5 Nxd4 14.Bxd4 Bxd4+ 15.
Qxd4 Bxb5 16.Qxb6 axb6 17.cxb5 Nf6 18.Rfd1 Rfd8 19.Bc4 Kf8 20.Kf2 Ke7 21.
Rd2 Rdc8 22.Bb3 Rc5 23.Rad1 Ne8 24.a4 f5 25.Rd4 Rd8 26.Re1 Re5 27.Rc1 Nf6 
28.Rc7+ Rd7 29.Rxd7+ Kxd7 30.Ke3 g5 31.h3 Rc5 32.Rd1 Ke7 33.Re1 fxe4 34.
fxe4 Nxe4 35.Kd4 d5 36.Bxd5 Rxd5+ 37.Kxe4 Rd2 38.Rc1 Kd6 39.Rc8 Rxb2 40.
Rh8 Rb4+ 41.Kf3 Rh4 42.Rb8 Rf4+ 43.Kg3 Rf7 44.Kg4 e5 45.Kxg5 e4 46.Rd8+ 
Ke5 47.Re8+ Kd4 48.Rd8+ Kc3 49.Re8 Kd3 50.Rd8+ Ke2 51.Rd6 Kf2 52.Rxb6 e3 
53.a5 e2 54.Re6 e1=Q 0-1

[Event "III Memorial Alvise Zichichi"]
[Site "Ladispoli ITA"]
[Date "2006.09.??"]
[Round "1"]
[White "Guanciale, Orazio"]
[Black "Guidi, Marco"]
[Result "1/2-1/2"]
[WhiteElo "2156"]
[BlackElo "1727"]
[PlyCount "74"]
[EventDate "2006.09.16"]

1. e4 Nf6 2. Nc3 d5 3. d4 Nxe4 4. Nxe4 dxe4 5. Bc4 e6 6. Nh3 Nc6 7. c3 Be7 8.
Qg4 Bf6 9. Qxe4 Qe7 10. Bd3 Bd7 11. b4 a6 12. f4 g6 13. a4 Nd8 14. b5 Bg7 15.
Ba3 Qh4+ 16. Nf2 axb5 17. axb5 Qh5 18. Qe2 Qxe2+ 19. Kxe2 f6 20. Rhe1 Kf7 21.
b6 cxb6 22. Ne4 Bf8 23. Nd6+ Bxd6 24. Bxd6 Nc6 25. Kd2 Na5 26. Rab1 b5 27. Re2
Bc6 28. Rbe1 Rhe8 29. d5 exd5 30. Re7+ Rxe7 31. Rxe7+ Kg8 32. g4 Nc4+ 33. Bxc4
dxc4 34. g5 Rd8 35. Re6 fxg5 36. fxg5 Re8 37. Rxe8+ Bxe8 1/2-1/2

[Event "III Memorial Alvise Zichichi"]
[Site "Ladispoli ITA"]
[Date "2006.09.??"]
[Round "2"]
[White "Guidi, Marco"]
[Black "Colombrini, Adolfo"]
[Result "0-1"]
[WhiteElo "1727"]
[BlackElo "1977"]
[PlyCount "32"]
[EventDate "2006.09.16"]

1. a3 g6 2. e4 c5 3. Nf3 Bg7 4. Bc4 h6 5. c3 Nc6 6. O-O d6 7. d4 cxd4 8. cxd4
Bg4 9. Qb3 e6 10. Qxb7 Rc8 11. Bb5 Nge7 12. Qxa7 O-O 13. Bxc6 Nxc6 14. Qa4 Bxf3
15. gxf3 Nxd4 16. Qd1 Rxc1 0-1

[Event "III Memorial Alvise Zichichi"]
[Site "Ladispoli ITA"]
[Date "2006.09.??"]
[Round "6"]
[White "La Fortezza, Michele"]
[Black "Guidi, Marco"]
[Result "1/2-1/2"]
[WhiteElo "1879"]
[BlackElo "1727"]
[PlyCount "70"]
[EventDate "2006.09.16"]

1. d4 Nf6 2. c4 c5 3. d5 e6 4. Nc3 exd5 5. cxd5 d6 6. e4 a6 7. Bd3 b5 8. a3 g6
9. Nge2 Bg7 10. O-O O-O 11. h3 Bb7 12. Bg5 Qc7 13. Rc1 Nbd7 14. f4 Rac8 15. Bh4
c4 16. Bb1 Nc5 17. Bc2 Rfe8 18. Ng3 Qb6 19. Kh1 Nfd7 20. Re1 a5 21. Nge2 Nf6
22. Bf2 Ba6 23. Nd4 Nh5 24. Qf3 Qb7 25. g4 Nf6 26. b4 cxb3 27. Nxb3 Nxb3 28.
Bxb3 Nd7 29. e5 dxe5 30. Ne4 Qb8 31. Rc6 Bb7 32. Rxc8 Rxc8 33. d6 a4 34. Bxf7+
Kxf7 35. fxe5+ Kg8 1/2-1/2

[Event "III Memorial Alvise Zichichi"]
[Site "Ladispoli ITA"]
[Date "2006.09.??"]
[Round "8"]
[White "Guidi, Marco"]
[Black "Urzi', Silvio"]
[Result "0-1"]
[WhiteElo "1727"]
[BlackElo "1864"]
[PlyCount "90"]
[EventDate "2006.09.16"]

1. e4 e6 2. d4 d5 3. exd5 exd5 4. h3 Nf6 5. Bd3 c5 6. dxc5 Bxc5 7. Qf3 O-O 8.
Bg5 Qe8+ 9. Ne2 Ne4 10. Be3 Nd7 11. Nd2 Nxd2 12. Bxd2 Ne5 13. Qxd5 Nxd3+ 14.
Qxd3 Qc6 15. O-O Bxh3 16. Qxh3 Rad8 17. Be3 Bxe3 18. Qxe3 Rfe8 19. Qxa7 Rxe2
20. Rad1 Rde8 21. Qa5 Rxc2 22. Rfe1 Rxe1+ 23. Rxe1 h6 24. Qd8+ Kh7 25. Qd4 Rc4
26. Qd3+ g6 27. Qe2 Rc2 28. Qe7 Qd5 29. Qf6 Rc6 30. Qe7 Rc4 31. Qe5 Qd2 32. Qe7
Rf4 33. Qe3 Qb4 34. Qe7 Qd4 35. Qe2 Rh4 36. Qe7 Qf4 37. g3 Rg4 38. Qxb7 Qf5 39.
Qe7 h5 40. Qe5 Qf3 41. Re3 Qd1+ 42. Re1 Qa4 43. Qe8 Qxa2 44. Qe5 h4 45. Re4
Qb1+ 0-1

[Event "I Chess Classic Festival"]
[Site "Siracusa ITA"]
[Date "2006.09.23"]
[Round "1"]
[White "Agnello, Giuseppe"]
[Black "Cappello, Antonino"]
[Result "1-0"]
[WhiteElo "2139"]
[BlackElo "1631"]
[PlyCount "62"]
[EventDate "2006.09.23"]

1. e4 e5 2. Nf3 Nc6 3. Bb5 a6 4. Bxc6 dxc6 5. O-O Bd6 6. d4 Bg4 7. dxe5 Bxf3 8.
Qxf3 Bxe5 9. Qb3 b6 10. Nd2 Qf6 11. Nf3 Ne7 12. Bg5 Qd6 13. Rad1 Qc5 14. Be3
Qa5 15. Bd2 Qc5 16. Bb4 Qb5 17. a4 Bxh2+ 18. Kxh2 Qh5+ 19. Kg1 c5 20. Bc3 O-O
21. Rd7 Ng6 22. Qd5 Nf4 23. Qxh5 Nxh5 24. Rxc7 Nf4 25. Rd1 Rfd8 26. Rxd8+ Rxd8
27. Rb7 Ne2+ 28. Kf1 Nxc3 29. bxc3 h6 30. Rxb6 f6 31. Rxa6 Rb8 1-0

[Event "I Chess Classic Festival"]
[Site "Siracusa ITA"]
[Date "2006.09.23"]
[Round "1"]
[White "Carnemolla, Giampaolo"]
[Black "Karlsson, Lars"]
[Result "0-1"]
[WhiteElo "1659"]
[BlackElo "2506"]
[PlyCount "58"]
[EventDate "2006.09.23"]

1. d4 e6 2. c4 f5 3. Nf3 Nf6 4. g3 Bb4+ 5. Bd2 Qe7 6. Qb3 a5 7. Bg2 Bxd2+ 8.
Nfxd2 a4 9. Qa3 Nc6 10. Qxe7+ Kxe7 11. Bxc6 bxc6 12. Nc3 d6 13. f4 Bd7 14. e4
c5 15. dxc5 fxe4 16. cxd6+ cxd6 17. Nd1 d5 18. Rc1 d4 19. c5 Bc6 20. Rg1 Ra5
21. b4 axb3 22. Nxb3 Ra4 23. Nb2 Rxa2 24. Nc4 d3 25. Nbd2 Rb8 26. g4 Nd5 27.
Ne5 Ba4 28. c6 Rxd2 29. Kxd2 Rb2+ 0-1

[Event "I Chess Classic Festival"]
[Site "Siracusa ITA"]
[Date "2006.09.23"]
[Round "1"]
[White "Conti, Silvano"]
[Black "Santagati, Alessandro"]
[Result "0-1"]
[WhiteElo "1628"]
[BlackElo "2116"]
[PlyCount "90"]
[EventDate "2006.09.23"]

1. e4 c5 2. Nf3 e6 3. d4 cxd4 4. Nxd4 Nf6 5. Nc3 Bb4 6. Bd3 Qc7 7. Bd2 a6 8.
O-O Nc6 9. Be3 O-O 10. a4 Rd8 11. Nxc6 bxc6 12. Na2 a5 13. Nxb4 axb4 14. Bg5
Ba6 15. Bxf6 gxf6 16. Bxa6 Rxa6 17. Qd3 Ra5 18. Qg3+ Qxg3 19. hxg3 d5 20. Rfd1
Rc5 21. Rd4 Rb8 22. exd5 cxd5 23. Rd2 Kf8 24. a5 Ra8 25. a6 Ke7 26. Ra4 Kd6 27.
b3 e5 28. Rxb4 Rxa6 29. Rh4 Rac6 30. c4 d4 31. Rxh7 Rb6 32. f4 Rxb3 33. fxe5+
fxe5 34. Rxf7 Rxc4 35. g4 e4 36. Rf6+ Kc5 37. g5 Rg3 38. Ra2 d3 39. Kh2 Rg4 40.
g6 e3 41. Re6 d2 42. Ra5+ Kb4 43. Rd5 Rce4 44. Rb6+ Kc4 45. Rd7 e2 0-1

[Event "I Chess Classic Festival"]
[Site "Siracusa ITA"]
[Date "2006.09.23"]
[Round "1"]
[White "Fagotto, Roberto"]
[Black "Baio, Giuseppe"]
[Result "1-0"]
[WhiteElo "1921"]
[BlackElo "1485"]
[PlyCount "111"]
[EventDate "2006.09.23"]

1. e4 c5 2. Nf3 Nc6 3. d4 cxd4 4. Nxd4 Nf6 5. Nc3 e5 6. Ndb5 d6 7. Bg5 a6 8.
Bxf6 gxf6 9. Na3 b5 10. Nd5 Bg7 11. c3 O-O 12. Nc2 f5 13. exf5 Bxf5 14. Nce3
Be4 15. Bd3 Bxd3 16. Qxd3 Ne7 17. O-O Nxd5 18. Qxd5 Qd7 19. Rad1 Rad8 20. Qb3
Kh8 21. Rd5 f5 22. Rfd1 Rf6 23. Rxe5 f4 24. Nf1 Rg6 25. Rh5 Qg4 26. Qd5 Re8 27.
h3 Qd7 28. Qf3 Be5 29. Nh2 Qf7 30. Ng4 Qxa2 31. Qe4 Qe6 32. Nxe5 dxe5 33. Rd5
Qc6 34. Rhxe5 Rxe5 35. Qxe5+ Qf6 36. Kh2 Qxe5 37. Rxe5 Rf6 38. g4 fxg3+ 39.
Kxg3 Kg7 40. f4 h6 41. b4 Kg6 42. Kg4 Kg7 43. h4 Kg6 44. f5+ Kg7 45. Re7+ Kf8
46. Re6 Kf7 47. Re5 Kg7 48. Kf4 Rc6 49. Rc5 Rf6 50. Ke5 h5 51. Rc7+ Rf7 52. Rc6
Re7+ 53. Re6 Rxe6+ 54. fxe6 Kf8 55. Kd6 Ke8 56. e7 1-0

[Event "I Chess Classic Festival"]
[Site "Siracusa ITA"]
[Date "2006.09.23"]
[Round "1"]
[White "Gangemi, Salvatore"]
[Black "Minniti, Cristiano"]
[Result "1-0"]
[WhiteElo "2077"]
[BlackElo "1608"]
[PlyCount "31"]
[EventDate "2006.09.23"]

1. e4 d5 2. exd5 Nf6 3. d4 Nxd5 4. c4 Nf6 5. Nc3 Nc6 6. d5 Ne5 7. Bf4 Ned7 8.
Nf3 Nc5 9. Qc2 e6 10. Rd1 Qe7 11. d6 cxd6 12. Bxd6 Qxd6 13. Rxd6 Bxd6 14. b4
Na6 15. c5 Nxb4 16. Qa4+ 1-0

[Event "I Chess Classic Festival"]
[Site "Siracusa ITA"]
[Date "2006.09.23"]
[Round "1"]
[White "Kopischke, Maik"]
[Black "Condorelli, Roberto"]
[Result "1/2-1/2"]
[WhiteElo "1984"]
[BlackElo "1515"]
[PlyCount "65"]
[EventDate "2006.09.23"]

1. d4 Nf6 2. Nf3 g6 3. Bg5 Bg7 4. Nbd2 O-O 5. e3 d6 6. Bd3 Nc6 7. c3 Re8 8. Qb3
Na5 9. Qc2 e5 10. e4 h6 11. Bh4 g5 12. Bg3 Nh5 13. d5 Nxg3 14. hxg3 b6 15. Qd1
a6 16. Nh2 Nb7 17. Qh5 Nc5 18. Bc2 Qf6 19. Ng4 Qg6 20. Qxg6 fxg6 21. Nxh6+ Bxh6
22. Rxh6 Kg7 23. Rh2 g4 24. O-O-O Bd7 25. b4 Na4 26. Bxa4 Bxa4 27. Rdh1 Rh8 28.
Nc4 Rxh2 29. Rxh2 Rf8 30. Nb2 Bd7 31. Nd1 Bb5 32. Kd2 Ba4 33. f4 1/2-1/2

[Event "I Chess Classic Festival"]
[Site "Siracusa ITA"]
[Date "2006.09.23"]
[Round "1"]
[White "Liistro, Giovanni Carlo"]
[Black "Maugeri, Domenico"]
[Result "1-0"]
[WhiteElo "1820"]
[BlackElo "1451"]
[PlyCount "127"]
[EventDate "2006.09.23"]

1. e4 e6 2. d4 d5 3. Nd2 Nf6 4. e5 Nfd7 5. Bd3 c5 6. c3 Nc6 7. Ne2 Qb6 8. Nf3
c4 9. Bc2 Be7 10. O-O O-O 11. Ng3 f6 12. exf6 Bxf6 13. Re1 e5 14. dxe5 Ndxe5
15. Qxd5+ Kh8 16. Qe4 g6 17. Nxe5 Nxe5 18. Be3 Qxb2 19. Bd4 Ng4 20. Reb1 Qa3
21. f3 Bxd4+ 22. Qxd4+ Nf6 23. Qxc4 Qe7 24. Re1 Qd6 25. Rad1 Qb6+ 26. Qd4 Qxd4+
27. cxd4 Nd5 28. Bb3 Nc3 29. Rd3 Nb5 30. d5 Nd6 31. Ne4 Bf5 32. Rde3 Nb5 33.
Nc5 Nd6 34. Ne6 Rfe8 35. g4 Bxe6 36. dxe6 Re7 37. Rd1 Nb5 38. Red3 Rae8 39. f4
Kg7 40. f5 gxf5 41. gxf5 Kf6 42. Rd7 Rg8+ 43. Kf2 Rgg7 44. Rxe7 Rxe7 45. Ke3
Nc7 46. Kf4 Ne8 47. Rd7 h6 48. Bd5 b6 49. Bc6 Ng7 50. Rxe7 Kxe7 51. Ke5 Nh5 52.
a4 Nf6 53. Bf3 Ne8 54. Bh5 Nf6 55. Bf3 Ne8 56. Kd5 Kf6 57. Be4 h5 58. Kc6 h4
59. Kd7 Ng7 60. e7 a5 61. e8=Q Nxe8 62. Kxe8 Ke5 63. Bd3 Kf6 64. Kd7 1-0

[Event "I Chess Classic Festival"]
[Site "Siracusa ITA"]
[Date "2006.09.23"]
[Round "1"]
[White "Ljubisavljevic, Zivojin Z."]
[Black "Campailla, Maurizio"]
[Result "1-0"]
[WhiteElo "2290"]
[BlackElo "1658"]
[PlyCount "54"]
[EventDate "2006.09.23"]

1. e4 c5 2. c4 Nc6 3. f4 e5 4. d3 d6 5. Nc3 a6 6. Be2 Nf6 7. Nf3 exf4 8. Bxf4
Be7 9. O-O O-O 10. Nd5 b5 11. b3 Re8 12. Nxe7+ Nxe7 13. Bg5 Ng6 14. Nh4 Ra7 15.
Bxf6 gxf6 16. Nf5 Bxf5 17. Rxf5 Re6 18. Qd2 Qf8 19. Raf1 Qg7 20. R5f3 Ra8 21.
Rg3 Kf8 22. h4 Qh8 23. Qh6+ Ke7 24. Bg4 Re5 25. h5 f5 26. hxg6 hxg6 27. Qxh8
Rxh8 1-0

[Event "I Chess Classic Festival"]
[Site "Siracusa ITA"]
[Date "2006.09.23"]
[Round "1"]
[White "Minniti, Elenamaria"]
[Black "Bottini, Paolo"]
[Result "0-1"]
[WhiteElo "1455"]
[BlackElo "1908"]
[PlyCount "68"]
[EventDate "2006.09.23"]

1. e4 c5 2. Nf3 e6 3. Nc3 Nc6 4. Bc4 a6 5. d4 cxd4 6. Nxd4 Nge7 7. O-O b5 8.
Be2 Bb7 9. Be3 g6 10. Bf3 Bg7 11. Nxc6 Bxc6 12. Qc1 Rc8 13. Rd1 O-O 14. Bg5 Re8
15. Qe3 Bb7 16. e5 Bxf3 17. gxf3 Qc7 18. Bf6 Nf5 19. Qe4 d5 20. Qe2 b4 21. Na4
Qxc2 22. Qxa6 Ra8 23. Qb5 Qxa4 24. Qb6 Rab8 25. Qc7 Rec8 26. b3 Qb5 27. a4 bxa3
28. Qa7 Ra8 29. Qxa8 Rxa8 30. Be7 Nxe7 31. f4 a2 32. Rdc1 Qxb3 33. Kg2 g5 34.
Rd1 gxf4 0-1

[Event "I Chess Classic Festival"]
[Site "Siracusa ITA"]
[Date "2006.09.23"]
[Round "1"]
[White "Monica, Vincenzo"]
[Black "Rosberg, Simon"]
[Result "0-1"]
[WhiteElo "1523"]
[BlackElo "2011"]
[PlyCount "44"]
[EventDate "2006.09.23"]

1. e4 c5 2. Nf3 e6 3. Nc3 a6 4. a4 Nc6 5. d4 cxd4 6. Nxd4 Qc7 7. Nf3 Nf6 8. Bd3
Bc5 9. Be3 Bxe3 10. fxe3 Qb6 11. Qc1 d6 12. O-O Qc5 13. Kh1 b6 14. Qd2 Bb7 15.
Qf2 O-O 16. h3 Ne5 17. Nxe5 Qxe5 18. Qf4 Rac8 19. Qxe5 dxe5 20. Rf3 Nd7 21.
Raf1 Nc5 22. b4 Nxd3 0-1

[Event "I Chess Classic Festival"]
[Site "Siracusa ITA"]
[Date "2006.09.23"]
[Round "1"]
[White "Parla, Aldo"]
[Black "Candura, Stefano"]
[Result "0-1"]
[WhiteElo "1571"]
[BlackElo "2022"]
[PlyCount "56"]
[EventDate "2006.09.23"]

1. c4 e6 2. d4 d5 3. Nc3 Nf6 4. Bg5 Nbd7 5. cxd5 exd5 6. Nf3 Be7 7. g3 c6 8.
Bg2 O-O 9. O-O Re8 10. e3 h6 11. Bxf6 Nxf6 12. Qc2 Be6 13. Rfe1 Bd6 14. Rad1
Qa5 15. a3 Bg4 16. h3 Bh5 17. Ra1 Bg6 18. Qc1 Ne4 19. Nxe4 Bxe4 20. b4 Qd8 21.
Nh2 f5 22. Bxe4 fxe4 23. Qd1 Qe7 24. Qh5 Rf8 25. f4 exf3 26. Kf2 Qe4 27. Nxf3
Rf5 28. Qg4 Raf8 0-1

[Event "I Chess Classic Festival"]
[Site "Siracusa ITA"]
[Date "2006.09.23"]
[Round "1"]
[White "Rigo, Gianfrancesco"]
[Black "Menato, Nazario"]
[Result "1-0"]
[WhiteElo "2013"]
[BlackElo "1532"]
[PlyCount "61"]
[EventDate "2006.09.23"]

1. e4 c5 2. Nf3 Nc6 3. d4 cxd4 4. Nxd4 Nf6 5. Nc3 e5 6. Ndb5 d6 7. Bg5 a6 8.
Bxf6 gxf6 9. Na3 b5 10. Nd5 Bg7 11. c3 f5 12. Bd3 Be6 13. Qh5 fxe4 14. Bxe4 Rc8
15. Nc2 a5 16. Nce3 Ne7 17. Rd1 h6 18. O-O O-O 19. Nxe7+ Qxe7 20. Rd3 Rc4 21.
Nf5 Qg5 22. Nxg7 Qxh5 23. Nxh5 Rxe4 24. Nf6+ Kg7 25. Nxe4 Bf5 26. Rg3+ Kh7 27.
Nf6+ Kh8 28. Rd1 Bg6 29. Rxd6 Rc8 30. Rxg6 fxg6 31. Rd7 1-0

[Event "I Chess Classic Festival"]
[Site "Siracusa ITA"]
[Date "2006.09.23"]
[Round "1"]
[White "Timoshenko, Georgy"]
[Black "Moscarelli, Giacomo"]
[Result "1-0"]
[WhiteElo "2550"]
[BlackElo "1661"]
[PlyCount "35"]
[EventDate "2006.09.23"]

1. d4 d5 2. c4 c6 3. Nc3 e6 4. Nf3 f5 5. Bf4 Bd6 6. e3 Nf6 7. Bd3 Ne4 8. O-O
O-O 9. Rc1 b6 10. Qb3 Ba6 11. Rfd1 h6 12. cxd5 cxd5 13. Nxd5 g5 14. Bxd6 Qxd6
15. Nc7 Bxd3 16. Nxe6 Be2 17. Nxf8+ Kxf8 18. Ne5 1-0

[Event "I Chess Classic Festival"]
[Site "Siracusa ITA"]
[Date "2006.09.23"]
[Round "1"]
[White "Tondo, Salvatore"]
[Black "Gulinelli, Euro"]
[Result "1-0"]
[WhiteElo "2029"]
[BlackElo "1586"]
[PlyCount "75"]
[EventDate "2006.09.23"]

1. e4 c6 2. d4 d5 3. exd5 cxd5 4. Bd3 g6 5. c3 Nf6 6. Bf4 Bg7 7. Nd2 Nc6 8.
Ngf3 Qb6 9. Qb3 Bd7 10. O-O O-O 11. Rfe1 Nh5 12. Qxb6 axb6 13. Bc7 Rfe8 14.
Bxb6 e5 15. dxe5 Nxe5 16. Nxe5 Bxe5 17. Nf3 Bg7 18. a3 Nf4 19. Bf1 Bc6 20. Nd4
Re4 21. g3 Nh5 22. Rxe4 dxe4 23. Nxc6 bxc6 24. a4 f5 25. a5 Nf6 26. a6 Nd5 27.
Bc4 Kf8 28. Bxd5 cxd5 29. a7 Ke7 30. Bc7 d4 31. cxd4 Bxd4 32. Bb8 Bxb2 33. Rb1
Bd4 34. Rb7+ Ke6 35. Rxh7 Kf6 36. h4 Bc5 37. Rc7 Bd6 38. Rc6 1-0

[Event "I Chess Classic Festival"]
[Site "Siracusa ITA"]
[Date "2006.09.23"]
[Round "1"]
[White "Tumino, Andrea"]
[Black "Antkowiak, Grzegorz"]
[Result "0-1"]
[WhiteElo "1640"]
[BlackElo "2183"]
[PlyCount "60"]
[EventDate "2006.09.23"]

1. e4 c5 2. Nf3 e6 3. d4 cxd4 4. Nxd4 Nf6 5. Bg5 Qa5+ 6. Bd2 Qe5 7. Be3 Nxe4 8.
Bd3 Nc6 9. Bxe4 Qxe4 10. O-O Nxd4 11. Bxd4 b6 12. Nc3 Qc6 13. Qg4 h5 14. Qe2
Bb7 15. f3 Bc5 16. Rad1 O-O 17. Qe5 f6 18. Qxh5 d5 19. f4 Rae8 20. Kh1 Bxd4 21.
Rxd4 Qc5 22. Rfd1 b5 23. Ne4 Qc6 24. Ng3 Qxc2 25. f5 e5 26. Rh4 d4 27. Rg1 Rc8
28. Qh7+ Kf7 29. Qg6+ Ke7 30. Rh7 Qxg2+ 0-1

[Event "I Chess Classic Festival"]
[Site "Siracusa ITA"]
[Date "2006.09.24"]
[Round "2"]
[White "Antkowiak, Grzegorz"]
[Black "Liistro, Giovanni Carlo"]
[Result "1-0"]
[WhiteElo "2183"]
[BlackElo "1820"]
[PlyCount "31"]
[EventDate "2006.09.23"]

1. e4 e5 2. Nf3 Nc6 3. Bb5 a6 4. Ba4 Nf6 5. d4 b5 6. Bb3 exd4 7. e5 Ne4 8. O-O
d5 9. exd6 Nxd6 10. Nxd4 Bb7 11. Re1+ Be7 12. Bg5 Nc8 13. Qf3 Qxd4 14. Bxf7+
Kf8 15. Bd5+ Bf6 16. Bxc6 1-0

[Event "I Chess Classic Festival"]
[Site "Siracusa ITA"]
[Date "2006.09.24"]
[Round "2"]
[White "Baio, Giuseppe"]
[Black "Carnemolla, Giampaolo"]
[Result "0-1"]
[WhiteElo "1485"]
[BlackElo "1659"]
[PlyCount "50"]
[EventDate "2006.09.23"]

1. d4 Nf6 2. c4 g6 3. Nc3 Bg7 4. e4 d6 5. f3 O-O 6. Be3 e5 7. d5 Nbd7 8. Qd2 a5
9. Bh6 Nc5 10. Bxg7 Kxg7 11. g4 h5 12. h3 hxg4 13. hxg4 Rh8 14. Rxh8 Qxh8 15.
O-O-O Bd7 16. Bd3 a4 17. Nb5 Bxb5 18. cxb5 Nfd7 19. Kb1 a3 20. Ne2 axb2 21. Ng3
Qh4 22. Ne2 Ra3 23. Nc3 Nxd3 24. Qxd3 Qf2 25. Qe2 Qc5 0-1

[Event "I Chess Classic Festival"]
[Site "Siracusa ITA"]
[Date "2006.09.24"]
[Round "2"]
[White "Bottini, Paolo"]
[Black "Timoshenko, Georgy"]
[Result "0-1"]
[WhiteElo "1908"]
[BlackElo "2550"]
[PlyCount "112"]
[EventDate "2006.09.23"]

1. e4 c5 2. Nf3 d6 3. d4 cxd4 4. Nxd4 Nf6 5. Nc3 a6 6. f4 e5 7. Nf3 Nbd7 8. a4
Be7 9. Bd3 O-O 10. O-O exf4 11. Bxf4 Qb6+ 12. Kh1 Qxb2 13. Qe1 Qb6 14. Rb1 Qc7
15. e5 dxe5 16. Nxe5 Bd6 17. Nxd7 Bxd7 18. Ne4 Bxf4 19. Nxf6+ gxf6 20. Qh4 f5
21. Rxf4 f6 22. Rc4 Bc6 23. Bxf5 Kh8 24. Rd1 Rf7 25. Be6 Rg7 26. Bd5 Rd8 27.
Rcd4 Rxd5 28. Rxd5 Bxd5 29. Rxd5 Qe7 30. Qf2 Rg5 31. Rd2 Rf5 32. Qg1 Qe4 33. h3
Qxa4 34. Qd1 Qe4 35. Re2 Qd5 36. Re8+ Kg7 37. Qxd5 Rxd5 38. Re7+ Kg6 39. Rxb7
Rc5 40. Ra7 a5 41. Kg1 h5 42. c3 h4 43. Kf2 Kf5 44. Ra6 Ke5 45. Ke2 f5 46. Kd3
Rd5+ 47. Ke3 f4+ 48. Ke2 Ke4 49. Re6+ Re5 50. Ra6 Rg5 51. Re6+ Kf5 52. Ra6
Rxg2+ 53. Kf1 Ra2 54. Rd6 Ke4 55. Rg6 a4 56. c4 Rc2 0-1

[Event "I Chess Classic Festival"]
[Site "Siracusa ITA"]
[Date "2006.09.24"]
[Round "2"]
[White "Bramanti, Vincenzo"]
[Black "Rigo, Gianfrancesco"]
[Result "0-1"]
[WhiteElo "1425"]
[BlackElo "2013"]
[PlyCount "48"]
[EventDate "2006.09.23"]

1. d4 d5 2. c4 dxc4 3. e4 e5 4. d5 Nf6 5. Qa4+ c6 6. Nc3 b5 7. Nxb5 cxb5 8.
Qxb5+ Nbd7 9. Qxc4 Nb6 10. Qc2 Bb4+ 11. Bd2 Bxd2+ 12. Kxd2 O-O 13. f3 Bb7 14.
Bd3 Rc8 15. Qb3 Nfxd5 16. exd5 Bxd5 17. Bxh7+ Kxh7 18. Qd3+ e4 19. Qb1 Bxa2+
20. Ke2 Bxb1 21. Rxb1 Qd3+ 22. Kf2 Rc2+ 23. Ke1 Qd2+ 24. Kf1 Qf2# 0-1

[Event "I Chess Classic Festival"]
[Site "Siracusa ITA"]
[Date "2006.09.24"]
[Round "2"]
[White "Candura, Stefano"]
[Black "Pafumi, Francesco"]
[Result "1-0"]
[WhiteElo "2022"]
[BlackElo "1702"]
[PlyCount "59"]
[EventDate "2006.09.23"]

1. d4 d5 2. Nf3 Nf6 3. e3 Bg4 4. c4 e6 5. Qb3 Qc8 6. Ne5 Bf5 7. Nc3 c5 8. cxd5
cxd4 9. Bb5+ Nbd7 10. exd4 a6 11. Nxd7 Nxd7 12. dxe6 Bxe6 13. d5 Bg4 14. Bxd7+
Qxd7 15. O-O Be7 16. Bf4 O-O 17. Rac1 Rfd8 18. Na4 Qf5 19. Qe3 Re8 20. Qe5 Qg6
21. d6 Bh3 22. Qd5 Rad8 23. Rfe1 Be6 24. Qxb7 Bxd6 25. Bxd6 Rxd6 26. Nc5 Qf5
27. Ne4 Qd5 28. Nxd6 Qxd6 29. Qc6 Qd2 30. Qxe8# 1-0

[Event "I Chess Classic Festival"]
[Site "Siracusa ITA"]
[Date "2006.09.24"]
[Round "2"]
[White "Cioffi, Luigi"]
[Black "Agnello, Giuseppe"]
[Result "0-1"]
[WhiteElo "1735"]
[BlackElo "2139"]
[PlyCount "118"]
[EventDate "2006.09.23"]

1. f4 d5 2. Nf3 Nf6 3. e3 g6 4. Be2 Bg7 5. O-O c5 6. Qe1 Nc6 7. d3 O-O 8. Kh1
Re8 9. Qh4 e5 10. Nxe5 Nxe5 11. fxe5 Rxe5 12. Nc3 Bf5 13. Qf4 Re7 14. g4 Be6
15. Bf3 Qd7 16. Rg1 d4 17. exd4 cxd4 18. Ne4 Nxe4 19. Bxe4 Rc8 20. Qf3 Rxc2 21.
Bg5 Be5 22. Rg2 Rxg2 23. Qxg2 f6 24. Bh6 Bxg4 25. Rc1 Be6 26. Kg1 Bh3 27. Bd5+
Kh8 28. Qf3 Qg4+ 29. Qxg4 Bxg4 30. Rc4 b6 31. h4 Rc7 32. Rxc7 Bxc7 33. Kf2 f5
34. a4 Bd8 35. Kg3 Bd1 36. b3 Be2 37. Bc4 Bc7+ 38. Kf2 Bd1 39. Bd5 f4 40. Ke1
Bg4 41. Kf2 Bd8 42. Bxf4 Bxh4+ 43. Kg2 Kg7 44. Bb8 h5 45. Bxa7 Bd8 46. a5 bxa5
47. Bxd4+ Bf6 48. Bb6 Bc3 49. Bd8 Kh6 50. Bb6 h4 51. Bf2 g5 52. d4 Kg6 53. Be4+
Bf5 54. Bd5 Kh5 55. Bf7+ Kg4 56. Kh2 Be4 57. Be6+ Kf3 58. Bxh4 gxh4 59. Kh3
Bxd4 0-1

[Event "I Chess Classic Festival"]
[Site "Siracusa ITA"]
[Date "2006.09.24"]
[Round "2"]
[White "Cultrera, Salvatore"]
[Black "Tondo, Salvatore"]
[Result "1-0"]
[WhiteElo "1693"]
[BlackElo "2029"]
[PlyCount "32"]
[EventDate "2006.09.23"]

1. d4 c5 2. c3 e6 3. Nf3 Nf6 4. Bg5 Be7 5. Nbd2 d5 6. Qa4+ Nbd7 7. dxc5 Bxc5 8.
e3 O-O 9. Bd3 h6 10. Bh4 Bd6 11. O-O Nc5 12. Qc2 Nxd3 13. Qxd3 a6 14. Rfd1 b6
15. c4 Be7 16. cxd5 16... Nxd5 {phone default} 1-0